Materias primas textiles / (Record no. 176043)

MARC details
000 -LEADER
campo de control de longitud fija 00818nam a22002415i 4500
001 - NÚMERO DE CONTROL
campo de control 176043
003 - IDENTIFICADOR DE NÚMERO DE CONTROL
campo de control ES-MaACL
005 - FECHA Y HORA DE LA ÚLTIMA TRANSACCIÓN
campo de control 20250813234142.0
007 - CAMPO FIJO DE DESCRIPCIÓN FÍSICA--INFORMACIÓN GENERAL
campo de control de longitud fija t|
008 - DATOS DE LONGITUD FIJA--INFORMACIÓN GENERAL
campo de control de longitud fija 101213s1955 sp a r ||||1| spa d
080 ## - NÚMERO DE LA CLASIFICACIÓN DECIMAL UNIVERSAL
Número de la Clasificación Decimal Universal 677.022
100 1# - ENTRADA PRINCIPAL--NOMBRE DE PERSONA
Nombre de persona Schuster, Karl.
9 (RLIN) 104838
245 10 - MENCIÓN DEL TÍTULO
Título Materias primas textiles /
Mención de responsabilidad, etc. por Karl Schuster ; traducción de la primera edición alemana por M. C. Castañera.
250 ## - MENCION DE EDICION
Mención de edición 1ª. ed.
260 ## - PUBLICACIÓN, DISTRIBUCIÓN, ETC.
Lugar de publicación, distribución, etc. Barcelona ; Buenos Aires :
Nombre del editor, distribuidor, etc. José Montesó,
Fecha de publicación, distribución, etc. 1955.
300 ## - DESCRIPCIÓN FÍSICA
Extensión 255, [11] p. :
Otras características físicas il. bl. y n. ;
Dimensiones 22 cm.
490 1# - MENCIÓN DE SERIE
Mención de serie Biblioteca de técnica textil ;
Designación de volumen o secuencia 2
650 #7 - PUNTO DE ACCESO ADICIONAL DE MATERIA--TÉRMINO DE MATERIA
Término de materia o nombre geográfico como elemento de entrada Fibras textiles
Fuente del encabezamiento o término embne
9 (RLIN) 144266
700 1# - ENTRADA AGREGADA--NOMBRE PERSONAL
Nombre de persona Castañera, M. C.
9 (RLIN) 144267
830 0# - PUNTO DE ACCESO ADICIONAL DE SERIE-TÍTULO UNIFORME
Título uniforme Biblioteca de técnica textil ;
Designación de volumen o secuencia 2
9 (RLIN) 189915
852 ## - LOCALIZACIÓN
Ubicación ES-MaACL
Número de control de estantería E-13780
Encuadernación Olim P-909
Holdings
Estatus retirado Estado de pérdida Estado de daño No para préstamo Biblioteca de origen Biblioteca actual Ubicación en estantería Fecha de adquisición Fuente de adquisición Total de préstamos Signatura topográfica completa Código de barras Visto por última vez Precio de reemplazo Tipo de ítem Koha
        Biblioteca del Ateneo de Madrid Biblioteca del Ateneo de Madrid Depósito 2 13/12/2010     E-13780 1184884 23/02/2023 23/02/2023 Libro impreso